Faces of nationalism; (Record no. 184976)

000 -LEADER
fixed length control field 01351 a2200193 4500
003 - CONTROL NUMBER IDENTIFIER
control field Nust
005 - DATE AND TIME OF LATEST TRANSACTION
control field 20221220094318.0
010 ## - LIBRARY OF CONGRESS CONTROL NUMBER
LC control number 74006068
020 ## - INTERNATIONAL STANDARD BOOK NUMBER
International Standard Book Number 0156298007
040 ## - CATALOGING SOURCE
Transcribing agency Nust
082 00 - DEWEY DECIMAL CLASSIFICATION NUMBER
Classification number 320.54,SHA
100 1# - MAIN ENTRY--PERSONAL NAME
Personal name Shafer, Boyd C.
9 (RLIN) 105258
245 10 - TITLE STATEMENT
Title Faces of nationalism;
Remainder of title new realities and old myths /
Statement of responsibility, etc. Boyd C. Shafer.
260 ## - PUBLICATION, DISTRIBUTION, ETC.
Place of publication, distribution, etc. New York,
Name of publisher, distributor, etc. Harcourt Brace Jovanovich
Date of publication, distribution, etc. [1974, c1972]
300 ## - PHYSICAL DESCRIPTION
Extent xv, 535 p.
Dimensions 21 cm.
505 ## - FORMATTED CONTENTS NOTE
Formatted contents note Problems of Meaning (Page-3), How National Sentiment Developed Stirrings 1715 (Page-23), The Nation Becoming People 1715-1789 (Page-56), The Nation Makes Patriots (Page-83), Nationalism Spreads and Deepens 1790-1815 (Page-112), Political Bases of Modern Nationalism 1815-1921 (Page-138), The Nation Nationalism Economic , Social and Cultrual Pressures 1815-1921 (Page-183),Nationalism in the West after World War I Persistence and Doubt(Page-229), Developing Nationalism Among Developing People General Nature and Variations (Page-273), How the Developing Nationalism Developed (Page-273), Some Myths Metaphysical and Physical about Nation and Nationalism (Page-313), Come Cultural Myths Economic Political Linguistic and Historical (Page-328), Nationalism Past Present and Prospects (Page-343), Notes (Page-379).
650 #0 - SUBJECT ADDED ENTRY--TOPICAL TERM
Topical term or geographic name entry element Nationalism
General subdivision History.
9 (RLIN) 105259
942 ## - ADDED ENTRY ELEMENTS (KOHA)
Source of classification or shelving scheme
Koha item type Book
Call number prefix 320.54,SHA
Holdings
Withdrawn status Lost status Source of classification or shelving scheme Damaged status Not for loan Collection code Permanent Location Current Location Date acquired Total Checkouts Full call number Barcode Date last seen Price effective from Koha item type
            Military College of Signals (MCS) Military College of Signals (MCS) 12/12/2016   320.54 SHA MCS21518 12/08/2016 12/12/2016 Book
© 2023 Central Library, National University of Sciences and Technology. All Rights Reserved.